| 000 | 01036nam0a22002771 4500 | ||
|---|---|---|---|
| 001 | rc\1104630 | ||
| 005 | 20260407014753.0 | ||
| 035 | _a(NLR Aleph) 006349505 | ||
| 090 |
_a4786278 _c4786278 |
||
| 100 | _a20041126d1982 |||y0rusy50 ca | ||
| 101 | 0 | _arus | |
| 102 | _aRU | ||
| 105 | _aa ||||||||| | ||
| 200 | 1 |
_aГригорий Александров _eПортр. режиссера |
|
| 210 |
_aМ. _cВ/О "Союзинформкино" _d1982 |
||
| 215 |
_a32 с., 8 л. ил. _d20 |
||
| 300 | _aАвт. указан на обороте тит. л. | ||
| 300 | _aВ надзаг.: Всесоюз. об-ние "Союзинформкино" | ||
| 600 | 1 |
_aАлександров _bГ.В. _gГригорий Васильевич _2psbo |
|
| 700 | 1 |
_aСенчакова _bГ.В. _gГалина Васильевна |
|
| 712 | 0 | 2 |
_a"Союзинформкино", объединение _3RU\NLR\AUTH\8810003169 _9503566 |
| 801 | 0 |
_aRU _bNLR _gpsbo |
|
| 801 | 1 |
_aRU _bELAR _2rusmarc |
|
| 852 |
_aNLR _j83-6/3122 |
||
| 942 | _cBOOK | ||
| 980 | _aNB | ||